Portugese players in Premier League (2000-) - Statistics

General Stats
  • This quiz has been taken 113 times
  • The average score is 40 of 87
Answer Stats
Ranking Player Positions Nationality Matches Goals (assists) Periods Clubs % Correct
3 Cristiano Ronaldo MF, FW 236 103 (37) 2003-2008, 2021-2023
99%
1 Bernardo Silva MF, FW 266 43 (46) 2017-2025
98%
4 Bruno Fernandes MF, FW 195 62 (51) 2019-2025
95%
5 Diogo Jota MF, FW 190 63 (20) 2018-2025
95%
30 Fábio Silva MF, FW 62 4 (3) 2020-2021, 2023-2024
94%
13 Rúben Dias DF 144 3 (4) 2020-2025
94%
54 Adrien Silva MF 14 0 (1) 2017-2019
93%
42 Jota Silva MF, FW 31 3 (1) 2024-2025
93%
11 Nani MF, FW 147 25 (43) 2007-2015
91%
87 Xande Silva MF, FW 1 0 (0) 2018-2019
91%
38 Fabio Carvalho MF, FW 36 5 (1) 2020-2021, 2022-2023, 2024-2025
90%
68 Gedson Fernandes DF, MF, FW 7 0 (0) 2019-2020
90%
39 Mateus Fernandes MF 36 2 (4) 2024-2025
90%
17 Ricardo Carvalho DF 135 7 (4) 2004-2010
90%
43 Manuel Fernandes MF 31 2 (3) 2006-2008
89%
16 José Sá GK 137 0 (2) 2021-2025
88%
15 Diogo Dalot DF, MF 139 3 (10) 2018-2019, 2021-2025
85%
66 Orlando Sá FW 7 1 (0) 2011-2012
85%
12 Pedro Neto MF, FW 146 15 (25) 2019-2025
84%
22 João Cancelo DF, MF 98 5 (11) 2019-2023
82%
8 João Moutinho MF 175 5 (18) 2018-2023
82%
7 Rúben Neves MF 177 21 (9) 2018-2023
82%
20 Rui Patrício GK 112 0 (0) 2018-2021
77%
26 Toti Gomes DF 87 2 (4) 2021-2025
77%
21 André Gomes MF 100 2 (4) 2018-2021, 2023-2024
76%
47 Rodrigo Gomes DF, MF, FW 25 2 (0) 2024-2025
75%
27 Matheus Nunes DF, MF 79 2 (9) 2022-2025
74%
84 Joel Castro Pereira GK 1 0 (0) 2016-2017
72%
18 Ricardo Pereira DF, FW 112 7 (13) 2018-2022, 2024-2025
72%
9 Cédric Soares DF, MF 167 3 (13) 2015-2024
65%
6 José Fonte DF 178 7 (3) 2012-2018
65%
19 José Bosingwa DF 112 3 (7) 2008-2013
61%
29 Raul Meireles MF 66 7 (9) 2010-2013
61%
34 Deco MF 43 5 (4) 2008-2010
60%
14 Paulo Ferreira DF 141 0 (4) 2004-2013
60%
28 João Palhinha MF 68 7 (1) 2022-2024
58%
10 Nélson Semedo DF, MF 165 1 (8) 2020-2025
58%
41 Fabio Vieira MF, FW 33 2 (4) 2022-2024
57%
45 João Félix MF, FW 28 5 (1) 2022-2023, 2024-2025
56%
25 Pedro Mendes MF 88 6 (8) 2004-2008
50%
40 Tiago Mendes MF 34 4 (3) 2004-2005
50%
44 Nuno Tavares DF, MF 30 1 (1) 2021-2022, 2023-2024
43%
48 Jorge Costa DF 24 0 (0) 2001-2002
42%
73 Ricardo Quaresma MF, FW 4 0 (0) 2008-2009
42%
79 Sidnei Tavares MF 2 0 (0) 2020-2021
41%
24 Daniel Podence MF, FW 93 12 (5) 2019-2022, 2024-2025
39%
53 Vitinha MF, FW 19 0 (1) 2020-2021
39%
58 Renato Sanches MF, FW 12 0 (0) 2017-2018
33%
2 Luís Boa Morte MF, FW 257 28 (34) 2001-2011
31%
65 Maniche MF 8 0 (0) 2005-2006
31%
69 Renato Veiga DF, MF 7 0 (0) 2024-2025
30%
35 Gonçalo Guedes MF, FW 42 3 (5) 2022-2023, 2024-2025
28%
55 João Mário MF, FW 13 2 (1) 2017-2018
28%
23 Ricardo Vaz Tê MF, FW 94 8 (8) 2003-2008, 2012-2015
26%
56 Éder FW 13 0 (0) 2015-2016
24%
46 Francisco Trincão MF, FW 28 2 (1) 2021-2022
24%
37 Rúben Vinagre DF, MF, FW 37 0 (0) 2018-2020, 2022-2023
24%
50 Youssef Chermiti FW 22 0 (0) 2023-2025
24%
32 Abel Xavier DF 55 2 (3) 2000-2002, 2005-2007
23%
52 Hélder Postiga FW 19 1 (1) 2003-2004
23%
83 João Virgínia GK 1 0 (0) 2020-2021
23%
51 Henrique Hilário GK 20 0 (0) 2006-2009, 2011-2012
22%
31 Ivan Cavaleiro MF, FW 59 6 (1) 2018-2019, 2020-2021
19%
63 Chiquinho DF, MF, FW 9 0 (3) 2021-2022, 2024-2025
15%
33 Nuno Valente DF 45 0 (1) 2005-2009
14%
57 Domingos Quina MF, FW 12 1 (0) 2018-2020
10%
62 Ivo Pinto DF 10 0 (0) 2015-2016
10%
86 Rafael Camacho MF, FW 1 0 (0) 2018-2019
10%
59 Nélson Oliveira FW 10 1 (0) 2014-2015
9%
71 Filipe Oliveira DF, MF 5 0 (0) 2002-2005
8%
36 Hugo Viana MF 39 3 (6) 2002-2004
8%
49 Ricardo Rocha DF 24 0 (0) 2006-2007, 2009-2010
8%
60 Carlos Forbs DF, MF, FW 10 0 (0) 2024-2025
7%
61 Filipe Teixeira MF 10 0 (1) 2008-2009
7%
77 João Carlos Teixeira MF, FW 2 0 (0) 2013-2014, 2015-2016
7%
74 Rodrigo Ribeiro MF, FW 4 0 (0) 2023-2024
7%
67 Silvestre Varela MF, FW 7 1 (0) 2014-2015
7%
82 Cafú MF 1 0 (0) 2022-2023
6%
80 Bruno Andrade MF, FW 1 0 (0) 2011-2012
5%
81 Bruno Jordão DF, MF 1 0 (0) 2019-2020
5%
75 Daniel Carriço DF, MF 3 0 (0) 2012-2013
5%
76 Jordão MF 3 0 (0) 2002-2003
5%
78 José Dominguez MF 2 0 (0) 2000-2001
5%
72 Nuno Morais DF, MF 4 0 (0) 2004-2005, 2006-2007
3%
85 Mesca MF 1 0 (0) 2013-2014
2%
70 Ariza Makukula FW 6 0 (1) 2008-2009
1%
64 Silas MF 9 0 (0) 2003-2004
1%
No matching quizzes found
Score Distribution
Percent of People with Each Score
Percentile by Number Answered
Your Score History
You have not taken this quiz